| 000 | 01416cam a22003011i 4500 | ||
|---|---|---|---|
| 003 | SA-RiAUC | ||
| 005 | 20241021073712.0 | ||
| 008 | 241020s2002 su g 000k0bara c | ||
| 040 |
_aSA-RiAUC _bara _cSA-RiAUC _erda |
||
| 082 | 0 | 4 |
_a239.6 _qSA-RiAUC |
| 090 |
_a239.6 _bن ب هـ |
||
| 100 | 1 |
_aالنبهاني، يوسف بن إسماعيل بن يوسف، _d1265-1350 هجري _eمؤلف. |
|
| 245 | 1 | 0 |
_aوسائل الوصول إلى شمائل الرسول / _cيوسف بن إسماعيل النبهاني ؛ راجعه محمد عبد الرحمن الأهدل، أحمد محمد بركات، علي باقطيان. |
| 250 | _aالطبعة الأولى. | ||
| 264 | 1 |
_aجدة، السعودية ؛ _aبيروت : _bدار المنهاج، _c2002 |
|
| 300 |
_a400 صفحة ؛ _c24 سم |
||
| 336 |
_aنص _btxt _2rdacontent _3كتاب |
||
| 337 |
_aبدون وسيط _bn _2rdamedia |
||
| 338 |
_aمجلد _bnc _2rdacarrier |
||
| 600 | 0 | 7 |
_aمحمد (صلى الله عليه وسلم)، _d53 قبل الهجرة-11 هجري _xأخلاق _2aucnm |
| 650 | 7 |
_aالسيرة النبوية _2aucsh |
|
| 650 | 7 |
_aأخلاق الرسول _2aucsh |
|
| 700 | 1 |
_aالأهدل، محمد عبد الرحمن شميلة _eمراجع. |
|
| 700 | 1 |
_aبركات، أحمد محمد _eمراجع. |
|
| 700 | 1 |
_aباقطيان، علي _eمراجع. |
|
| 942 |
_2ddc _cBOOK _n0 |
||
| 949 |
_aSA-JeALM _d241020 _umohamedma123 _n1 |
||
| 999 |
_c1536 _d1536 |
||